<?xml version="1.0" encoding="UTF-8"?>
<record
    xmlns:xsi="http://www.w3.org/2001/XMLSchema-instance"
    xsi:schemaLocation="http://www.loc.gov/MARC21/slim http://www.loc.gov/standards/marcxml/schema/MARC21slim.xsd"
    xmlns="http://www.loc.gov/MARC21/slim">

  <leader>02019nam a22003137a 4500</leader>
  <datafield tag="999" ind1=" " ind2=" ">
    <subfield code="c">95009</subfield>
    <subfield code="d">95009</subfield>
  </datafield>
  <controlfield tag="003">NALT</controlfield>
  <controlfield tag="005">20241204160416.0</controlfield>
  <controlfield tag="008">180717b        th ||||| |||| 00| 0 tha d</controlfield>
  <datafield tag="020" ind1=" " ind2=" ">
    <subfield code="a">9786168033241</subfield>
  </datafield>
  <datafield tag="040" ind1=" " ind2=" ">
    <subfield code="a">NALT</subfield>
  </datafield>
  <datafield tag="090" ind1=" " ind2=" ">
    <subfield code="a">KD 51</subfield>
    <subfield code="b">&#xE1B;492&#xE01; 2561</subfield>
  </datafield>
  <datafield tag="100" ind1="0" ind2=" ">
    <subfield code="a">&#xE1B;&#xE27;&#xE23;&#xE34;&#xE28;&#xE23; &#xE40;&#xE25;&#xE34;&#xE28;&#xE18;&#xE23;&#xE23;&#xE21;&#xE40;&#xE17;&#xE27;&#xE35;</subfield>
    <subfield code="9">23216</subfield>
  </datafield>
  <datafield tag="245" ind1="1" ind2="0">
    <subfield code="a">&#xE01;&#xE32;&#xE23;&#xE19;&#xE33;&#xE1B;&#xE23;&#xE30;&#xE40;&#xE1E;&#xE13;&#xE35;&#xE43;&#xE19;&#xE01;&#xE32;&#xE23;&#xE1B;&#xE01;&#xE04;&#xE23;&#xE2D;&#xE07;&#xE23;&#xE30;&#xE1A;&#xE2D;&#xE1A;&#xE1B;&#xE23;&#xE30;&#xE0A;&#xE32;&#xE18;&#xE34;&#xE1B;&#xE44;&#xE15;&#xE22;&#xE2D;&#xE31;&#xE19;&#xE21;&#xE35;&#xE1E;&#xE23;&#xE30;&#xE21;&#xE2B;&#xE32;&#xE01;&#xE29;&#xE31;&#xE15;&#xE23;&#xE34;&#xE22;&#xE4C;&#xE17;&#xE23;&#xE07;&#xE40;&#xE1B;&#xE47;&#xE19;&#xE1B;&#xE23;&#xE30;&#xE21;&#xE38;&#xE02;&#xE21;&#xE32;&#xE43;&#xE0A;&#xE49;&#xE43;&#xE19;&#xE01;&#xE32;&#xE23;&#xE1E;&#xE34;&#xE08;&#xE32;&#xE23;&#xE13;&#xE32;&#xE27;&#xE34;&#xE19;&#xE34;&#xE08;&#xE09;&#xE31;&#xE22;&#xE04;&#xE14;&#xE35;&#xE23;&#xE31;&#xE10;&#xE18;&#xE23;&#xE23;&#xE21;&#xE19;&#xE39;&#xE0D; /</subfield>
    <subfield code="c">&#xE42;&#xE14;&#xE22; &#xE1B;&#xE27;&#xE23;&#xE34;&#xE28;&#xE23; &#xE40;&#xE25;&#xE34;&#xE28;&#xE18;&#xE23;&#xE23;&#xE21;&#xE40;&#xE17;&#xE27;&#xE35;.</subfield>
  </datafield>
  <datafield tag="260" ind1=" " ind2=" ">
    <subfield code="a">&#xE01;&#xE23;&#xE38;&#xE07;&#xE40;&#xE17;&#xE1E;&#xE2F; :</subfield>
    <subfield code="b">&#xE2A;&#xE33;&#xE19;&#xE31;&#xE01;&#xE07;&#xE32;&#xE19;&#xE28;&#xE32;&#xE25;&#xE23;&#xE31;&#xE10;&#xE18;&#xE23;&#xE23;&#xE21;&#xE19;&#xE39;&#xE0D;,</subfield>
    <subfield code="c">2561.</subfield>
  </datafield>
  <datafield tag="300" ind1=" " ind2=" ">
    <subfield code="a">303 &#xE2B;&#xE19;&#xE49;&#xE32; :</subfield>
    <subfield code="b">&#xE15;&#xE32;&#xE23;&#xE32;&#xE07; ;</subfield>
    <subfield code="c">21 &#xE0B;&#xE21;.</subfield>
  </datafield>
  <datafield tag="650" ind1=" " ind2="4">
    <subfield code="9">18805</subfield>
    <subfield code="a">&#xE01;&#xE0E;&#xE2B;&#xE21;&#xE32;&#xE22;&#xE23;&#xE31;&#xE10;&#xE18;&#xE23;&#xE23;&#xE21;&#xE19;&#xE39;&#xE0D; </subfield>
    <subfield code="z">&#xE44;&#xE17;&#xE22; </subfield>
    <subfield code="x">&#xE27;&#xE34;&#xE08;&#xE31;&#xE22;</subfield>
  </datafield>
  <datafield tag="650" ind1=" " ind2="4">
    <subfield code="9">28689</subfield>
    <subfield code="a">&#xE01;&#xE0E;&#xE2B;&#xE21;&#xE32;&#xE22;&#xE23;&#xE31;&#xE10;&#xE18;&#xE23;&#xE23;&#xE21;&#xE19;&#xE39;&#xE0D;</subfield>
    <subfield code="z">&#xE2D;&#xE31;&#xE07;&#xE01;&#xE24;&#xE29;</subfield>
  </datafield>
  <datafield tag="650" ind1=" " ind2="4">
    <subfield code="9">30094</subfield>
    <subfield code="a">&#xE01;&#xE0E;&#xE2B;&#xE21;&#xE32;&#xE22;&#xE23;&#xE31;&#xE10;&#xE18;&#xE23;&#xE23;&#xE21;&#xE19;&#xE39;&#xE0D;</subfield>
    <subfield code="z">&#xE2D;&#xE2D;&#xE2A;&#xE40;&#xE15;&#xE23;&#xE40;&#xE25;&#xE35;&#xE22;</subfield>
  </datafield>
  <datafield tag="650" ind1=" " ind2="4">
    <subfield code="9">30096</subfield>
    <subfield code="a">&#xE01;&#xE0E;&#xE2B;&#xE21;&#xE32;&#xE22;&#xE23;&#xE31;&#xE10;&#xE18;&#xE23;&#xE23;&#xE21;&#xE19;&#xE39;&#xE0D;</subfield>
    <subfield code="z">&#xE2A;&#xE40;&#xE1B;&#xE19;</subfield>
  </datafield>
  <datafield tag="650" ind1=" " ind2="4">
    <subfield code="9">30097</subfield>
    <subfield code="a">&#xE01;&#xE0E;&#xE2B;&#xE21;&#xE32;&#xE22;&#xE23;&#xE31;&#xE10;&#xE18;&#xE23;&#xE23;&#xE21;&#xE19;&#xE39;&#xE0D;</subfield>
    <subfield code="z">&#xE40;&#xE19;&#xE40;&#xE18;&#xE2D;&#xE23;&#xE4C;&#xE41;&#xE25;&#xE19;&#xE14;&#xE4C;</subfield>
  </datafield>
  <datafield tag="650" ind1=" " ind2="4">
    <subfield code="9">30098</subfield>
    <subfield code="a">&#xE01;&#xE0E;&#xE2B;&#xE21;&#xE32;&#xE22;&#xE23;&#xE31;&#xE10;&#xE18;&#xE23;&#xE23;&#xE21;&#xE19;&#xE39;&#xE0D; </subfield>
    <subfield code="z">&#xE08;&#xE2D;&#xE23;&#xE4C;&#xE41;&#xE14;&#xE19;</subfield>
  </datafield>
  <datafield tag="650" ind1=" " ind2="4">
    <subfield code="9">30099</subfield>
    <subfield code="a">&#xE01;&#xE0E;&#xE2B;&#xE21;&#xE32;&#xE22;&#xE23;&#xE31;&#xE10;&#xE18;&#xE23;&#xE23;&#xE21;&#xE19;&#xE39;&#xE0D; </subfield>
    <subfield code="z">&#xE42;&#xE21;&#xE23;&#xE47;&#xE2D;&#xE01;&#xE42;&#xE01;</subfield>
  </datafield>
  <datafield tag="650" ind1=" " ind2="4">
    <subfield code="9">2059</subfield>
    <subfield code="a">&#xE01;&#xE0E;&#xE2B;&#xE21;&#xE32;&#xE22;&#xE23;&#xE31;&#xE10;&#xE18;&#xE23;&#xE23;&#xE21;&#xE19;&#xE39;&#xE0D;</subfield>
    <subfield code="x">&#xE0D;&#xE35;&#xE48;&#xE1B;&#xE38;&#xE48;&#xE19;</subfield>
  </datafield>
  <datafield tag="650" ind1=" " ind2="4">
    <subfield code="9">30100</subfield>
    <subfield code="a">&#xE01;&#xE0E;&#xE2B;&#xE21;&#xE32;&#xE22;&#xE23;&#xE31;&#xE10;&#xE18;&#xE23;&#xE23;&#xE21;&#xE19;&#xE39;&#xE0D;</subfield>
    <subfield code="z">&#xE20;&#xE39;&#xE0F;&#xE32;&#xE19;</subfield>
  </datafield>
  <datafield tag="850" ind1=" " ind2=" ">
    <subfield code="a">NALT</subfield>
  </datafield>
  <datafield tag="942" ind1=" " ind2=" ">
    <subfield code="c">RSH</subfield>
    <subfield code="2">local</subfield>
  </datafield>
  <datafield tag="998" ind1=" " ind2=" ">
    <subfield code="a">bijaya</subfield>
    <subfield code="c">101</subfield>
    <subfield code="j">104</subfield>
    <subfield code="k"> &#xE19;&#xE32;&#xE07;&#xE2A;&#xE32;&#xE27;&#xE2A;&#xE32;&#xE22;&#xE1D;&#xE19;  &#xE14;&#xE35;&#xE07;&#xE32;&#xE21;</subfield>
  </datafield>
  <datafield tag="952" ind1=" " ind2=" ">
    <subfield code="0">0</subfield>
    <subfield code="1">0</subfield>
    <subfield code="2">local</subfield>
    <subfield code="4">0</subfield>
    <subfield code="7">0</subfield>
    <subfield code="8">CLAW</subfield>
    <subfield code="a">NALT</subfield>
    <subfield code="b">NALT</subfield>
    <subfield code="d">2018-07-17</subfield>
    <subfield code="l">1</subfield>
    <subfield code="o">&#xE27; KD 51 &#xE1B;492&#xE01; 2561</subfield>
    <subfield code="p">3961207981</subfield>
    <subfield code="r">2021-12-07 00:00:00</subfield>
    <subfield code="s">2021-11-10</subfield>
    <subfield code="t">&#xE09;.1</subfield>
    <subfield code="w">2018-07-17</subfield>
    <subfield code="y">RSH</subfield>
  </datafield>
  <datafield tag="952" ind1=" " ind2=" ">
    <subfield code="0">0</subfield>
    <subfield code="1">0</subfield>
    <subfield code="2">local</subfield>
    <subfield code="4">0</subfield>
    <subfield code="7">0</subfield>
    <subfield code="8">CLAW</subfield>
    <subfield code="a">NALT</subfield>
    <subfield code="b">NALT</subfield>
    <subfield code="d">2018-07-17</subfield>
    <subfield code="l">1</subfield>
    <subfield code="m">1</subfield>
    <subfield code="o">&#xE27; KD 51 &#xE1B;492&#xE01; 2561</subfield>
    <subfield code="p">3961207982</subfield>
    <subfield code="r">2022-06-06 00:00:00</subfield>
    <subfield code="s">2022-05-12</subfield>
    <subfield code="t">&#xE09;.2</subfield>
    <subfield code="w">2018-07-17</subfield>
    <subfield code="y">RSH</subfield>
  </datafield>
  <datafield tag="952" ind1=" " ind2=" ">
    <subfield code="0">0</subfield>
    <subfield code="1">0</subfield>
    <subfield code="2">local</subfield>
    <subfield code="4">0</subfield>
    <subfield code="7">0</subfield>
    <subfield code="8">CSEN</subfield>
    <subfield code="a">NALT</subfield>
    <subfield code="b">NALT</subfield>
    <subfield code="c">LAW</subfield>
    <subfield code="d">2023-10-08</subfield>
    <subfield code="l">0</subfield>
    <subfield code="o">&#xE27; KD 51 &#xE1B;492&#xE01; 2561</subfield>
    <subfield code="p">0100011125001</subfield>
    <subfield code="r">2023-11-30 00:00:00</subfield>
    <subfield code="w">2023-10-08</subfield>
    <subfield code="y">RSH</subfield>
  </datafield>
</record>
